书目信息 |
| 题名: |
正弦规的应用
|
|
| 作者: | 谭德培 , 胡德贵 编著 | |
| 分册: | ||
| 出版信息: | 北京 机械工业出版社 1974.06 |
|
| 页数: | 35页 | |
| 开本: | 18cm | |
| 丛书名: | ||
| 单 册: | ||
| 中图分类: | TG8 | |
| 科图分类: | ||
| 主题词: | 公差 , 技术测量 , 机械量仪 , 量具 | |
| 电子资源: | ||
| ISBN: | ||
| 000 | 00676nam0 2200253 45 | |
| 001 | 0405211568 | |
| 005 | 20040521151316.3 | |
| 010 | @dCNY0.12 | |
| 100 | @a20040521d1974 km y0chiy0120 ea | |
| 101 | 0 | @achi |
| 105 | @a z 000yy | |
| 200 | 1 | @a正弦规的应用@AZheng Xian Gui De Ying Yong@f谭德培,胡德贵编著@FTan De Pei,Hu De Gui Bian Zhu |
| 210 | @a北京@c机械工业出版社@d1974.06 | |
| 215 | @a35页@d18cm | |
| 300 | @a机械工人学习材料 | |
| 606 | 0 | @a公差 |
| 606 | 0 | @a技术测量 |
| 606 | 0 | @a机械量仪 |
| 606 | 0 | @a量具 |
| 690 | @aTG8@v3 | |
| 701 | 0 | @a谭德培@4编著 |
| 701 | 0 | @a胡德贵@4编著 |
| 801 | @aCN@bPftUser@c20040521 | |
| 905 | @f1@b17509@f1@b17512@dTG8@e16 | |
| 正弦规的应用/谭德培,胡德贵编著.-北京:机械工业出版社,1974.06 |
| 35页;18cm |
| 机械工人学习材料 |
| ISBN :CNY0.12 |
| ● |
| 相关链接 |
|
|
|
|
正题名:正弦规的应用
索取号:TG8/16
 
预约/预借
| 序号 | 登录号 | 条形码 | 馆藏地/架位号 | 状态 | 备注 |
| 1 | 0017509 | 001363599 | 第三借阅区/ [索取号:TG8/16] | 在馆 | |
| 2 | 0017512 | 001363553 | 第三借阅区/ [索取号:TG8/16] | 在馆 |